| 000 | 00442nam a2200181Ia 4500 | ||
|---|---|---|---|
| 008 | 210210b1938 xxu||||| |||| 00| 0 eng d | ||
| 041 | _aeng | ||
| 082 | _a881/48 | ||
| 100 | _aKALIDASA | ||
| 245 | _aRaghuvamsa cantos by Dharmadikari | ||
| 260 |
_aBanAras _bJaya Krishna Das Haridas Gupta _c1938 |
||
| 650 | _aRaghuvamsa | ||
| 650 | _aDharmadikari | ||
| 650 | _acantos | ||
| 650 | _aby | ||
| 690 | _aSanskrit Poetry | ||
| 906 | _a024220 | ||
| 999 |
_c149581 _d149581 |
||